Calles de Cadreita - Estadísticas

Estadísticas generales
  • Esta prueba ha sido intentada 12 veces
    5 desde el último reinicio
  • La puntuación promedio es 37 de 62
Respuestas en el mapa
Las respuestas están codificadas por una escala verde-roja en el mapa de la prueba según el % correcto abajo.
 
Estadísticas de respuestas
Respuesta % Correcto
Calle Bodega
100%
Calle de las Bardenas Reales
100%
Calle de las Cortes de Navarra
100%
Calle del Río
100%
Calle Juan Carlos I
100%
Calle Julian Gayarre
100%
Calle Miguel Indurain
100%
Calle Pablo Sarasate
100%
Calle Sancho el Fuerte
100%
Calle San Francisco Javier
100%
Calle Santa Ana
100%
Camino
100%
Plaza de la Constitución
100%
Autopista de Navarra
50%
Avenida de Navarra / Avenida de Cadreita
50%
Calle Andrómeda
50%
Calle bella vista
50%
Calle Cadreita
50%
Calle de Aralar
50%
Calle de Cascajera
50%
Calle del Arenal
50%
Calle de las Cooperativas
50%
Calle de las Navas
50%
Calle de la Virgen del Yugo
50%
Calle del Frontón
50%
Calle del Horno
50%
Calle del Monasterio de la Oliva
50%
Calle del Obispo Preciado
50%
Calle de los Ganados
50%
Calle de los Labradores
50%
Calle de los Maestros
50%
Calle del Portal
50%
Calle del Valle del Aragón
50%
Calle del Valle del Ebro
50%
Calle del Valle del Roncal
50%
Calle de nuestra señora de Belén
50%
Calle Donantes de Sangre
50%
Calle Herrerías
50%
Calle Larga
50%
Calle la Ribera
50%
Calle los Almendros
50%
Calle Maria Auxiliadora
50%
Calle Príncipe de Asturias
50%
Calle Raimundo Lanas
50%
Calle San Antón
50%
Calle San Fermín
50%
Calle San Ignacio
50%
Calle San Miguel
50%
Calle Vía Láctea
50%
Calle Ximénez de Rada
50%
Camino Alfaro
50%
Carretera Valtierra
50%
Cuesta de la Cruz
50%
Cuesta del Portal
50%
Cuesta del Prado
50%
Paseo del Granero
50%
Paseo de Ronda
50%
Plaza de Don Justo
50%
Plaza del Ayuntamiento
50%
Travesía del maestro Juan Preciado
50%
Travesía San Miguel
50%
Camino del brazal del medio
0%
No se encontraron pruebas coincidentes
Distribución de puntuación
Porcentaje de gente con cada puntuación
Porcentaje por número respondido
Historial de tus puntuaciones
No has intentado esta prueba desde el último reinicio